| 000 | 00659nam a2200241Ia 4500 | ||
|---|---|---|---|
| 003 | OSt | ||
| 005 | 20220926002452.0 | ||
| 006 | a|||||r|||| 00| 0 | ||
| 007 | ta | ||
| 008 | 220923b |||||||| |||| 00| 0 eng d | ||
| 037 | _cGeneral Book | ||
| 040 |
_aRTL _cRTL _beng |
||
| 041 |
_2eng _aeng |
||
| 082 | _aV2,1.L07<--J56, L0 | ||
| 100 | _aDay U N | ||
| 245 | 0 | _aMughal Government, A D 1556-1707 | |
| 260 |
_a New Delhi _bMunshiram Manohar Lal _c1970 |
||
| 300 |
_axvi, 249p _ccm. |
||
| 500 | _aBibliography: P 241-46 | ||
| 650 | _aPresident | ||
| 942 |
_hV2,1.L07<--J56, L0 _cGB _2CC |
||
| 999 |
_c605142 _d605142 |
||